000 00651nam a2200229Ia 4500
003 OSt
005 20250809173259.0
008 210423s2008 xx 000 0 und d
020 _a9781846841743
040 _cAL
041 _aEnglish
082 _a320.092
_bKELP
100 _aPaul Kelly
_982985
245 _aLockes second treatise of government
_b: a readers guide
260 _aLondon
_bContinuum International
_c2008
300 _avi,164
_bPB
365 _b175
_cINR
650 _aPolitical Science
_982986
650 _aPolitical Science
_982986
906 _agovernment: ; guide ; Lockes ; readers ; second ; treatise
942 _2ddc
_cBK
999 _c158065
_d158065